000 00736nam a22002057a 4500
005 20131007120830.0
010 _aENG-108434
020 _c1195.00
_a9350183668
020 _c1195.00
_a9789350183663
035 _aEN-91967
037 _bDBAD/PUB
082 _a306.4819095484
100 _aKrishna Kumari, J.
245 _aBuddhist monuments :
_cby J. Krishna Kumari
_btheir role in the development of tourism in Andhra Pradesh /
260 _aNew Delhi
_bReadworthy Publications
_c2013
270 _aD-1, Mohan Garden, Near Tanshi Tent Palace,
_bNew Delhi
_e110059
300 _axx, 274p. :
_c22cm(Hb)
_bill.,maps
500 _aIncludes bibliographical references and index
942 _2ddc
_cEN
_mKRI
_h306.4819095484
999 _c78852
_d78852